000 00599nam a2200241Ia 4500
001 21990
005 20240114000620.0
007 ta
008 060311s g b000 u ud u
040 _aCotton College,Assam
041 _aud
082 _a891.551
_bFa 22 Na
100 _aFarooq, S.M.M..
245 0 _aNagma-I-Harem /
_cS.M.M. Farooq.
_hTextual Documents
250 _a1st ed. /
260 _aDelhi :
_bIsan Book Book ,
_cNd.
300 _aISL-150 ;
_c23cm.
653 _aUrdu Poetry
653 _aG-Urdu
942 _2ddc
_cBK
999 _c21972
_d21972